Violín y otras cuestiones /
Guardado en:
| Autor Principal: | |
|---|---|
| Otros Autores: | |
| Formato: | Libro |
| Publicado: |
Buenos Aires :
Seix Barral,
2013
|
| Materias: | |
| Etiquetas: |
Agregar Etiqueta
Sin Etiquetas, Sea el primero en etiquetar este registro!
|
| LEADER | 00866nam a22002655a 4500 | ||
|---|---|---|---|
| 001 | CEM.cems018264 | ||
| 008 | 130507s2013##################000#0#####d | ||
| 005 | 20220214180757.0 | ||
| 003 | CEMS | ||
| 245 | 1 | 0 | |a Violín y otras cuestiones / |c Juan Gelman ; prólogo de Raúl González Tuñón |
| 260 | |a Buenos Aires : |b Seix Barral, |c 2013 | ||
| 300 | |a 80 p. | ||
| 020 | |a 9789507314810 | ||
| 100 | 1 | |a Gelman, Juan | |
| 700 | 1 | |a González Tuñón, Raúl, pról. | |
| 082 | 0 | 4 | |a A861.4 |
| 653 | |a Literatura | ||
| 653 | |a Literatura argentina | ||
| 653 | |a Poesía | ||
| 653 | |a Poesía argentina | ||
| 653 | |a Ministerio de educación-colección literaria | ||
| 653 | |a Biblioteca Juan Gelman | ||
| 653 | |a Colección Juan Gelman | ||
| 859 | |a CEMS |b BIB. CEMS - Agricultura |h A861.4 |i G283 |p A2075.14 |t Ej.1 | ||
| 859 | |a CEMS |b BIB. CEMS - 11 de abril |h A861.4 |i G283 |p 26906.14 |t Ej.1 | ||
